TH-SOF-1428-Automatic Hair Removal and Detection of Melanoma in Dermoscopy Images (Record no. 577291)

000 -LEADER
fixed length control field 00407nam a22001217a 4500
082 ## - DEWEY DECIMAL CLASSIFICATION NUMBER
Classification number 200 THE
100 ## - MAIN ENTRY--PERSONAL NAME
Personal name Ahmed Khawaja
9 (RLIN) 70306
245 ## - TITLE STATEMENT
Title TH-SOF-1428-Automatic Hair Removal and Detection of Melanoma in Dermoscopy Images
260 ## - PUBLICATION, DISTRIBUTION, ETC.
Place of publication, distribution, etc. Islamabad
Name of publisher, distributor, etc. NUST College of EME
Date of publication, distribution, etc. 2017
650 ## - SUBJECT ADDED ENTRY--TOPICAL TERM
Topical term or geographic name entry element MS-COMPUTER ENGINEERING-77 MSTHESIS
9 (RLIN) 69779
700 ## - ADDED ENTRY--PERSONAL NAME
Personal name Supervisor Dr. Muhammad Usman Akram
9 (RLIN) 69721
942 ## - ADDED ENTRY ELEMENTS (KOHA)
Koha item type Computer Files
Holdings
Withdrawn status Lost status Damaged status Not for loan Permanent Location Current Location Shelving location Date acquired Total Checkouts Full call number Barcode Date last seen Price effective from Koha item type
        College of Electrical & Mechanical Engineering (CEME) College of Electrical & Mechanical Engineering (CEME) Reference 11/26/2019   200 THE TH-SOF-1428 06/28/2021 06/28/2021 Computer Files
© 2023 Central Library, National University of Sciences and Technology. All Rights Reserved.